000 00556nam a2200193Ia 4500
003 OSt
005 20240504120214.0
008 210210b1995 xxu||||| |||| 00| 0 eng d
040 _cAL
041 _aKannada
082 _aK894.3 VYAA
100 _aVYASARAYA BALLALA.
_dವ್ಯಾಸರಾಯ ಬಲ್ಲಾಳ
_9163157
245 _aAkashakkondu kandilu!
_b ಆಕಾಶಕ್ಕೊಂದು ಕಂದೀಲು
260 _aMaisuru
_bGita Buk Haus
_c1995
300 _a246
690 _aKannada Fiction
_9163158
906 _a050788
942 _2ddc
_cBK
999 _c99457
_d99457